| 000 | 01054cam a2200325 a 4500 | ||
|---|---|---|---|
| 999 |
_c892 _d892 |
||
| 001 | 16224156 | ||
| 003 | OSt | ||
| 005 | 20210622065508.0 | ||
| 008 | 100510s2005 ke ab b i000 0 eng | ||
| 010 | _a 2010305322 | ||
| 020 | _a9789211317510 | ||
| 020 | _a9211317517 | ||
| 040 |
_aDLC _cDLC |
||
| 042 |
_alcode _apcc |
||
| 043 | _af-ke--- | ||
| 050 | 0 | 0 |
_aHT384 _b.K4 U97 2005 |
| 245 | 0 | 0 | _aUrban-rural linkages approach to sustainable development. |
| 246 | 1 | 7 | _aRural-urban linkages |
| 260 |
_aNairobi, Kenya : _bUnited Nations Human Settlements Programme, _c2005. |
||
| 300 |
_aiv, 271 p. : _bill., maps ; _c30 cm. |
||
| 500 | _aHS/765/05E--P. ii. | ||
| 504 | _aIncludes bibliographical references. | ||
| 650 | 0 | _aRural-urban relations. | |
| 650 | 0 | _aRural development. | |
| 650 | 0 | _aSustainable development. | |
| 710 | 2 | _aUnited Nations Human Settlements Programme. | |
| 906 |
_a7 _bcbc _corigres _d3 _encip _f20 _gy-gencatlg |
||
| 942 |
_2lcc _cBK _nSO |
||